<?xml version="1.0" encoding="UTF-8"?>
<collection xmlns="http://www.loc.gov/MARC21/slim">
    <record>
        <controlfield tag="001">74748</controlfield>
        <controlfield tag="005">20180822120514.0</controlfield>
        <datafield tag="037" ind1=" " ind2=" ">
            <subfield code="a">GDOC-2017-69001</subfield>
        </datafield>
        <datafield tag="041" ind1=" " ind2=" ">
            <subfield code="a">spa</subfield>
        </datafield>
        <datafield tag="041" ind1=" " ind2=" ">
            <subfield code="a">eng</subfield>
        </datafield>
        <datafield tag="100" ind1=" " ind2=" ">
            <subfield code="0">(orcid)0000-0002-0409-4791</subfield>
            <subfield code="1">121721</subfield>
            <subfield code="a">MARÍA GLORIA BUENO, LOZANO</subfield>
        </datafield>
        <datafield tag="245" ind1="0" ind2="0">
            <subfield code="9">69001</subfield>
            <subfield code="a">Prácticas especializadas</subfield>
        </datafield>
        <datafield tag="242" ind1="0" ind2="0">
            <subfield code="9">69001</subfield>
            <subfield code="a">Specialised practices</subfield>
        </datafield>
        <datafield tag="260" ind1=" " ind2=" ">
            <subfield code="a">Zaragoza</subfield>
            <subfield code="b">Universidad de Zaragoza</subfield>
            <subfield code="c">2017-2018</subfield>
        </datafield>
        <datafield tag="520" ind1=" " ind2=" ">
            <subfield code="a">Breve presentación de la asignatura
Módulo 2 de Prácticas Especializadas: los alumnos deberán realizar 10 créditos ECTS (250 horas)
Profesorado Tutor Prácticas:
- Jesús Maria Garagorri Otero
- Feliciano J. Ramos Fuentes
- Mª Gloria Bueno Lozano
- Gerardo Rodríguez Martínez
- Mª Pilar Samper Villagrada
- Manuel Bueno Lozano
- Luis A Moreno Aznar
- Jesús Fleta Zaragozano</subfield>
        </datafield>
        <datafield tag="521" ind1=" " ind2=" ">
            <subfield code="9">671</subfield>
            <subfield code="a">Máster Universitario en Condicionantes Genéticos, nutricionales y ambientales del crecimiento y desarrollo</subfield>
            <subfield code="b">Master's in Genetic, nutritional and environmental growth and development condiitoners</subfield>
        </datafield>
        <datafield tag="540" ind1=" " ind2=" ">
            <subfield code="a">by-nc-sa</subfield>
            <subfield code="b">Creative Commons</subfield>
            <subfield code="c">3.0</subfield>
            <subfield code="u">http://creativecommons.org/licenses/by-nc-sa/3.0/</subfield>
        </datafield>
        <datafield tag="700" ind1=" " ind2=" ">
            <subfield code="0">(orcid)0000-0003-1586-1834</subfield>
            <subfield code="1">310170</subfield>
            <subfield code="a">JESÚS FLETA, ZARAGOZANO</subfield>
        </datafield>
        <datafield tag="700" ind1=" " ind2=" ">
            <subfield code="0">(orcid)0000-0002-5165-9716</subfield>
            <subfield code="1">385619</subfield>
            <subfield code="a">JESÚS MARÍA GARAGORRI, OTERO</subfield>
        </datafield>
        <datafield tag="700" ind1=" " ind2=" ">
            <subfield code="0">(orcid)0000-0003-0454-653X</subfield>
            <subfield code="1">386268</subfield>
            <subfield code="a">LUIS ALBERTO MORENO, AZNAR</subfield>
        </datafield>
        <datafield tag="700" ind1=" " ind2=" ">
            <subfield code="0">(orcid)0000-0002-5732-2209</subfield>
            <subfield code="1">385520</subfield>
            <subfield code="a">FELICIANO JESÚS RAMOS, FUENTES</subfield>
        </datafield>
        <datafield tag="700" ind1=" " ind2=" ">
            <subfield code="0">(orcid)0000-0002-7985-9912</subfield>
            <subfield code="1">321782</subfield>
            <subfield code="a">GERARDO RODRÍGUEZ, MARTÍNEZ</subfield>
        </datafield>
        <datafield tag="700" ind1=" " ind2=" ">
            <subfield code="0">(orcid)0000-0001-5492-3191</subfield>
            <subfield code="1">387247</subfield>
            <subfield code="a">MARÍA PILAR SAMPER, VILLAGRASA</subfield>
        </datafield>
        <datafield tag="830" ind1=" " ind2=" ">
            <subfield code="9">461</subfield>
        </datafield>
        <datafield tag="856" ind1="4" ind2=" ">
            <subfield code="s">6763</subfield>
            <subfield code="u">http://zaguan.unizar.es/record/74748/files/guia-69001-en.pdf</subfield>
            <subfield code="y">Guide (english)</subfield>
        </datafield>
        <datafield tag="856" ind1="4" ind2=" ">
            <subfield code="s">9082</subfield>
            <subfield code="u">http://zaguan.unizar.es/record/74748/files/guia-69001-es.pdf</subfield>
            <subfield code="y">Guía (idioma español)</subfield>
        </datafield>
        <datafield tag="970" ind1=" " ind2=" ">
            <subfield code="a">GDOC-2017-69001</subfield>
        </datafield>
        <datafield tag="980" ind1=" " ind2=" ">
            <subfield code="a">GDOC</subfield>
            <subfield code="b">Ciencias de la Salud</subfield>
            <subfield code="b">Health Sciences</subfield>
            <subfield code="c">104</subfield>
        </datafield>
    </record>

    
</collection>